Entry Nombre personal
001 - NÚMERO DE CONTROL
- campo de control: 128574
003 - IDENTIFICADOR DE NÚMERO DE CONTROL
- campo de control: SpMaBN
005 - FECHA Y HORA DE LA ÚLTIMA TRANSACCIÓN
- campo de control: 20250723033427.0
008 - ELEMENTOS DE DATO DE LONGITUD-FIJA
- campo de control de longitud fija: 990701nn ainnnaabn n aac
016 ## - NÚMERO DE CONTROL DE UNA AGENCIA BIBLIOGRÁFICA NACIONAL
- Número de control del registro: BNE20001186770
040 ## - FUENTE DE CATALOGACIÓN
- Centro catalogador/agencia de origen: SpMaBN
- Lengua de catalogación: spa
- Centro/agencia transcriptor: CDM
046 ## - FECHAS CON CODIFICACIÓN ESPECIAL
- Fecha de nacimiento: 1709
- Fecha de la muerte: 1765
100 1# - ENCABEZAMIENTO-NOMBRE DE PERSONA
- Nombre de persona: Ladvocat, Jean-Baptiste,
- Fechas asociadas al nombre: 1709-1765
375 ## - GÉNERO/SEXO
- Género: Masculino
400 0# - TRAZADO DE VÉASE--NOMBRE DE PERSONA
- Nombre de persona: Vosgien,
- Fechas asociadas al nombre: 1709-1765
